000 00555nam a22002057a 4500
003 OSt
005 20170518103010.0
008 170301b xxu||||| |||| 00| 0 eng d
020 _a9781551113494
040 _aMMU
_beng
_cMMU
_dMMU
050 _aPS1294 .C65A64 2011
100 _aChopin, Kate
245 _aThe awakening and other writings /
_cKate Chopin
260 _aOntario :
_bBroadways editions,
_c2011
300 _a296 p.:
500 _aIncludes bibliography
650 _aPoetry
700 _aDisheroon Suzanne L
942 _2lcc
_cLOAN LOAN
999 _c23712
_d23712